Prezydenci Europy - Statystyki

Ogólne statystyki
  • Ten quiz został rozwiązany 218 razy
  • Średni wynik to 26 z 40
Statystyki odpowiedzi
Prezydent Państwo % Poprawnych
Andrzej Duda Polska
87%
Władimir Putin Rosja
86%
Aleksandr Łukaszenka Białoruś
82%
Wołodymyr Zełenski Ukraina
82%
Król Karol III Wielka Brytania
81%
Emmanuel Macron Francja
79%
Papież Franciszek Watykan
78%
Filip VI Burbon Hiszpania
76%
Król Filip I Belgia
75%
Marcelo Rebelo de Sousa Portugalia
73%
Bajram Begaj Albania
72%
Król Karol XVI Gustaw Szwecja
72%
Wilhelm-Aleksander Holandia
70%
Frank-Walter Steinmeier Niemcy
70%
Król Harald V Norwegia
70%
Miloš Zeman Czechy
69%
Ekaterini Sakielaropulu Grecja
69%
Sergio Mattarella Włochy
69%
Zuzana Čaputová Słowacja
67%
Sauli Niinistö Finlandia
65%
Gitanas Nausėda Litwa
65%
Zoran Milanović Chorwacja
64%
Królowa Małgorzata II Dania
64%
Alar Karis Estonia
64%
Michael D. Higgins Irlandia
64%
Egils Levits Łotwa
64%
Aleksandar Vučić Serbia
64%
Wielki książę Henri Luksemburg
63%
Nataša Pirc Musar Słowenia
62%
Rumen Radrew Bułgaria
61%
Guðni Th. Jóhannesson Islandia
61%
Klaus Iohannis Rumunia
60%
Katalin Novák Węgry
59%
Milo Đukanović Czarnogóra
55%
Książę Jan Adam II Liechtenstein
53%
Książę Albert II Monako
53%
Stewo Pendarowski Macedonia
52%
Maia Sandu Mołdawia
52%
George William Vella Malta
42%
Alexander Van der Bellen Austra
14%
Nie znaleziono quizów pasujących do podanych kryteriów
Rozkład punktacji
Procent ludzi z każdym wynikiem
Percentyl według liczby udzielonych odpowiedzi
Twoja historia wyników
Nie rozwiązałeś tego quizu